Catálogo
 En Linea

Temas para una ciudad / (Registro nro. 24758)

Detalles MARC
000 -CABECERA
campo de control de longitud fija 00724nam a2200229 u 4500
001 - NÚMERO DE CONTROL
campo de control 000025265
005 - FECHA Y HORA DE LA ÚLTIMA TRANSACCIÓN
campo de control 20200930023653.0
008 - DATOS DE LONGITUD FIJA--INFORMACIÓN GENERAL
campo de control de longitud fija 110209s1969 ve a r 000 | spa d
040 ## - FUENTE DE LA CATALOGACIÓN
Centro catalogador/agencia de origen DO-SdBNP
Lengua de catalogación spa
Centro/agencia transcriptor BNPHU
041 ## - CÓDIGO DE LENGUA
Código de lengua del texto/banda sonora o título independiente spa
Código de lengua original eng
Fuente del código Código de idioma MARC
082 ## - NÚMERO DE LA CLASIFICACIÓN DECIMAL DEWEY
Número de clasificación xxx
Número de documento/Ítem A775t
049 ## - FONDOS LOCALES (OCLC)
Fondos de biblioteca BNGR
100 1# - ENTRADA PRINCIPAL--NOMBRE DE PERSONA
Nombre de persona Bataille, Georges
9 (RLIN) 51769
240 #0 - TÍTULO UNIFORME
Título uniforme Documents
Lenguaje de la obra Español
245 10 - MENCIÓN DE TÍTULO
Título Temas para una ciudad /
Mención de responsabilidad, etc. Georges Bataille; recopilación Bernard Noël; traducción Inés Cano.
260 ## - PUBLICACIÓN, DISTRIBUCIÓN, ETC.
Lugar de publicación, distribución, etc. Caracas :
Nombre del editor, distribuidor, etc. Monte Avila,
Fecha de publicación, distribución, etc. 1969.
300 ## - DESCRIPCIÓN FÍSICA
Extensión 193 p. ;
Dimensiones 18 cm.
534 ## - NOTA SOBRE LA VERSIÓN ORIGINAL
Encabezamiento principal del original Títulos original :
Mención de título del original Documents
500 ## - NOTA GENERAL
Nota general Incluye notas
700 1# - PUNTO DE ACCESO ADICIONAL--NOMBRE DE PERSONA
Nombre de persona Noël, Bernard
Término indicativo de función/relación comp.
9 (RLIN) 51770
700 1# - PUNTO DE ACCESO ADICIONAL--NOMBRE DE PERSONA
Nombre de persona Cano, Inés
Término indicativo de función/relación tr.
9 (RLIN) 51771
Existencias
Estado de retiro Estado de pérdida Restricciones de uso No para préstamo Código de colección Localización permanente Ubicación/localización actual Ubicación en estantería Fecha de adquisición Número de inventario Total de préstamos Signatura topográfica completa Código de barras Fecha visto por última vez Precio válido a partir de Tipo de ítem Koha
      Excluido de préstamo Monografías: Libros y Folletos General General En catalogación 11.02.2011 LF1   xxx A775t 25265-10 25.06.2020 25.06.2020 No se presta

Con tecnología Koha